| 000 | 00808nam a22002177a 4500 | ||
|---|---|---|---|
| 999 |
_c5802 _d5802 |
||
| 001 | 5802 | ||
| 003 | BD-JhCC | ||
| 005 | 20220524134021.0 | ||
| 008 | 171218s20012016bg b|||| ||a| 000 0 ben d | ||
| 035 | _a(BD-JhCC)5802 | ||
| 040 |
_aBD-JhCC _dBD-JhCC |
||
| 041 | _aben | ||
| 082 |
_a001 _bKIR 2001 |
||
| 100 | _aকিরন, গোলাম মোস্তফা | ||
| 245 |
_aআজকের বিশ্ব সাধারণ জ্ঞান : _b বাংলাদেশ ও আন্তর্জাতিক বিষয়াবলী / _cগোলাম মোস্তফা কিরন |
||
| 260 |
_aঢাকা : _bপ্রিমিয়ার পাবলিকেশন্স, _c2001. |
||
| 300 |
_a1024 p. : _c21 cm. |
||
| 650 | _aGeneral Knowledge | ||
| 942 |
_2ddc _cBK _07 |
||